Statistics for Do You Know Manchester Utd

Click here to take the quiz!

General Stats

  • This quiz has been taken 410 times
  • The average score is 7 of 10

Answer Stats

QuestionAnswer% Correct
Who is Manchester United's top goal scorer?Wayne Rooney
94%
How many Premier league have Manchester United won?13
90%
Who is Manchester United's most expensive player?Paul Pogba
83%
Who has the most appearances for Manchester United?Ryan Giggs
83%
What year did Manchester United win the Treble?1999
80%
What year did the Munich disaster happen?1958
67%
What year was Manchester United founded?1878
60%
How many trophies have Manchester United won?66
42%
What is the highest attendance at Old Trafford?76,962
37%
What year was Old Trafford built?1910
34%

Score Distribution

Percentile by Number Answered

Percent of People with Each Score

Your Score History

You have not taken this quiz